000
00237nam a2200109Ia 4500
100
_a
#N/A
942
_c
BK
654
_a
microsoft speeh app software
245
_a
Microsoft Speech App Software
260
_b
#N/A
_c
2004
546
_a
ENGLISH
999
_c
34195
_d
34195